00598nam a2200181 a 450000100100000000500170001000800410002702000140006804000250008208200200010710000330012724500670016026000490022730000280027650000630030465000220036765000270038900002098720240412074250.0100825s2001 dr a 000 0 spa d z999342354 aDO-SdBNPbspacBNPHU aRD863.44bP349h1 aPeña Nina, Domingo,d1948-10aHistorias de vida, muerte y lejanías /cDomingo Peña Nina. aSanto Domingo :bEditora Peña Nina,c2001. a211 p. :bil. ;c21 cm. aIncluye datos biográficos del autor en la contracubierta 4aCuento dominicano 0aLiteratura dominicana.